| 000 | 00653nam a22001337a 4500 | ||
|---|---|---|---|
| 040 | _cRUA | ||
| 082 | _aANS SOT 2014 B445 Or.1 | ||
| 100 | _aSOT SOKHENG; សុត សុខហេង | ||
| 245 | _aSurvey on sow care at c.p. cambodia co., ltd km 100; ការអង្កេតទៅលើការថែទាំមេជ្រូកផើមនៅក្រុមហ៊ុន ស៊ី. ភី ខេមបូឌា ចំកាត់គីឡូម៉ែត ១០០ | ||
| 260 |
_aPhnom Penh _bRUA _c2014 |
||
| 300 |
_axi;46p. _bill. _c29cm. |
||
| 856 | _uhttps://drive.google.com/file/d/1TGbaDdiNNqJdzhm_sDr4TyMIYZlgbV1H/view?usp=sharing | ||
| 942 | _cANS | ||
| 999 |
_c7385 _d7385 |
||